000 01072cam a2200289 a 4500
001 12752499
003 OSt
005 20160425191228.0
008 020424s2003 nyua b 001 0 eng
010 _a 2002105823
020 _a0716744643
035 _a(DLC) 2002105823
040 _aDLC
_cDLC
_dDLC
050 0 0 _aQD101.2
_b.H37 2003
082 0 0 _a545
_222
_bHAR 2003
100 1 _aHarris, Daniel C.,
_98281
245 1 0 _aQuantitative chemical analysis /
_cDaniel C. Harris.
250 _a6th ed.
260 _aNew York :
_bW.H. Freeman and Co.,
_c2003.
300 _a1 v. (various pagings) :
_bcol.ill;
_c26 cm.
504 _aIncludes bibliographical references and index.
650 0 _aChemistry, Analytic
_xQuantitative.
_98274
856 4 2 _3Publisher description
_uhttp://www.loc.gov/catdir/enhancements/fy0912/2002105823-d.html
906 _a7
_bcbc
_corignew
_d3
_eepcn
_f20
_gy-gencatlg
942 _2ddc
_cSLOAN
999 _c3757
_d3757